[Event "XI C.to Italiano U20"]
[Site "Bratto - Castione della Presolana ITA"]
[Date "2003.08.24"]
[Round "4"]
[White "Visentin, Lorenzo"]
[Black "Longo, Aldo"]
[Result "0-1"]
[WhiteElo "1600"]
[BlackElo "1677"]
[PlyCount "106"]
[EventDate "2003.08.21"]

1. d4 Nf6 2. c4 g6 3. Nc3 Bg7 4. e4 d6 5. f4 O-O 6. Nf3 Nbd7 7. Be2 e5 8. fxe5
dxe5 9. dxe5 Ng4 10. e6 fxe6 11. h3 Nge5 12. O-O Nxf3+ 13. Bxf3 Ne5 14. Qxd8
Rxd8 15. Bg5 Rf8 16. Be2 Bd7 17. Rxf8+ Rxf8 18. Rd1 Rf7 19. b3 Nxc4 20. Bxc4
Bxc3 21. Rxd7 Rxd7 22. Bxe6+ Rf7 23. Bxf7+ Kxf7 24. Kf2 Ke6 25. Ke3 c5 26. Kd3
Bd4 27. Bh6 Kf7 28. Kc4 Ke6 29. Kd3 b5 30. Bf8 Bg1 31. Bh6 Ke5 32. g3 c4+ 33.
bxc4 bxc4+ 34. Kxc4 Kxe4 35. a4 Kf3 36. Bf4 Bf2 37. Bb8 a6 38. g4 Kg2 39. g5
Kxh3 40. Bf4 Kg4 41. Bd2 Bb6 42. Kd3 Bd8 43. Ke2 Bxg5 44. Bc3 h5 45. Kf1 h4 46.
Kg1 Be3+ 47. Kg2 h3+ 48. Kh1 Bf4 49. Bd4 Kf3 50. Bf6 g5 51. a5 g4 52. Bd4 g3
53. Bf2 g2+ 0-1

[Event "XI C.to Italiano U20"]
[Site "Bratto - Castione della Presolana ITA"]
[Date "2003.08.24"]
[Round "4"]
[White "Vocaturo, Daniele"]
[Black "Pulito, Alberto"]
[Result "1-0"]
[WhiteElo "2156"]
[BlackElo "2058"]
[PlyCount "75"]
[EventDate "2003.08.21"]

1. e4 d5 2. exd5 Nf6 3. d4 Bg4 4. f3 Bf5 5. Bb5+ Nbd7 6. c4 a6 7. Bxd7+ Qxd7 8.
Ne2 e6 9. dxe6 Qxe6 10. b3 O-O-O 11. O-O Bc5 12. Kh1 Bxd4 13. Nxd4 Qd7 14. Bb2
c5 15. b4 cxd4 16. b5 Rhe8 17. bxa6 bxa6 18. Na3 Re3 19. c5 Bd3 20. Rf2 Rde8
21. Rd2 Be2 22. Qc1 Rxf3 23. Rxd4 Qc6 24. Rf4 Rfe3 25. Bd4 R3e4 26. Nc2 Qe6 27.
Rxe4 Qxe4 28. Qb2 Nd5 29. Rb1 Bb5 30. a4 Nf4 31. Na3 Nh3 32. axb5 Qe1+ 33. Bg1
Nxg1 34. Rxe1 Rxe1 35. Qf2 Nf3+ 36. Qxe1 Nxe1 37. bxa6 Kb8 38. c6 1-0

[Event "XI C.to Italiano U20"]
[Site "Bratto - Castione della Presolana ITA"]
[Date "2003.08.24"]
[Round "4"]
[White "Waldner, Mirko"]
[Black "Buchicchio, Roberto"]
[Result "1-0"]
[WhiteElo "2067"]
[BlackElo "1690"]
[PlyCount "83"]
[EventDate "2003.08.21"]

1. d4 f5 2. Nf3 e6 3. c4 Nf6 4. Nc3 b6 5. Bg5 Bb7 6. e3 Be7 7. Be2 O-O 8. a3
Ne4 9. Bxe7 Qxe7 10. Rc1 d6 11. b4 Nd7 12. O-O g5 13. Nxe4 Bxe4 14. d5 Bxf3 15.
Bxf3 e5 16. Qb3 Rf6 17. c5 Rh6 18. cxd6 cxd6 19. Be2 e4 20. Rc7 g4 21. g3 Qe8
22. Kg2 Qh5 23. Rh1 Qh3+ 24. Kg1 Ne5 25. Qd1 Nf3+ 26. Bxf3 gxf3 27. Qf1 Qxf1+
28. Kxf1 Rf6 29. Ke1 Rf7 30. Rc6 Rd8 31. Kd2 Kf8 32. Kc3 Ke8 33. Kd4 Rg7 34.
Rhc1 h5 35. Rc7 Rxc7 36. Rxc7 Rd7 37. Rxd7 Kxd7 38. h3 Ke7 39. g4 hxg4 40. hxg4
Kf6 41. gxf5 Kxf5 42. b5 1-0

[Event "XI C.to Italiano U20"]
[Site "Bratto - Castione della Presolana ITA"]
[Date "2003.08.24"]
[Round "4"]
[White "Xia, Jie"]
[Black "Oblak, Mitja"]
[Result "1-0"]
[WhiteElo "1597"]
[BlackElo "1500"]
[PlyCount "73"]
[EventDate "2003.08.21"]

1. e4 d5 2. exd5 Qxd5 3. Nc3 Qa5 4. Nf3 Nf6 5. Be2 Bg4 6. O-O Nbd7 7. d4 e6 8.
Bf4 Bb4 9. Bd2 c6 10. a3 Bxc3 11. bxc3 O-O 12. h3 Bh5 13. g4 Bg6 14. Bd3 Bxd3
15. cxd3 Qc7 16. Qe1 Rfe8 17. Ne5 Rac8 18. Rb1 c5 19. g5 Nd5 20. c4 N5b6 21.
Bc3 Na4 22. Ba1 cxd4 23. Bxd4 b6 24. Rb4 Nac5 25. Qc3 Qd8 26. Nf3 e5 27. Be3 f6
28. h4 Kf7 29. Kh1 Qc7 30. Rg1 Qc6 31. Rg3 e4 32. Nd4 Qc7 33. Rg1 exd3 34. gxf6
Nxf6 35. Nf5 Nfe4 36. Qxg7+ Ke6 37. Nd4+ 1-0

[Event "XI C.to Italiano U20"]
[Site "Bratto - Castione della Presolana ITA"]
[Date "2003.08.25"]
[Round "5"]
[White "Akmedov, Alisher"]
[Black "Procacci, Sergio"]
[Result "1/2-1/2"]
[WhiteElo "1434"]
[BlackElo "1551"]
[PlyCount "90"]
[EventDate "2003.08.21"]

1. d4 Nf6 2. c4 d6 3. Nc3 g6 4. e4 Bg7 5. Nf3 O-O 6. Be2 c5 7. d5 Bg4 8. h3
Bxf3 9. Bxf3 Nbd7 10. O-O Ne8 11. Be3 Nc7 12. Qd2 Re8 13. Be2 a6 14. a4 Nf8 15.
Rfd1 Qd7 16. Ra3 Rad8 17. Rb3 Na8 18. a5 Rb8 19. Bg4 Qc7 20. Na4 b5 21. axb6
Nxb6 22. Qa5 Na8 23. Qxc7 Nxc7 24. Rdd3 h5 25. Be2 Nd7 26. f4 Na8 27. Kf2 Nab6
28. Nxb6 Rxb6 29. Rxb6 Nxb6 30. Rb3 Rb8 31. Bd2 Nd7 32. Rxb8+ Nxb8 33. g4 Bxb2
34. gxh5 gxh5 35. Bxh5 Nd7 36. Ba5 Bc1 37. f5 Ne5 38. Be2 Kf8 39. Bc3 f6 40.
Bxe5 fxe5 41. Kg2 Bf4 42. h4 Ke8 43. Kh3 Kf7 44. Kg4 Kg7 45. Bd1 Bd2 1/2-1/2

[Event "XI C.to Italiano U20"]
[Site "Bratto - Castione della Presolana ITA"]
[Date "2003.08.25"]
[Round "5"]
[White "Bellemo, Davide"]
[Black "Xia, Jie"]
[Result "0-1"]
[WhiteElo "1618"]
[BlackElo "1597"]
[PlyCount "72"]
[EventDate "2003.08.21"]

1. c4 e5 2. Nc3 f5 3. g3 Nf6 4. Bg2 g6 5. e3 Bg7 6. Nge2 O-O 7. O-O Nc6 8. Rb1
d6 9. d3 Ne7 10. Qb3 c6 11. f4 Kh8 12. fxe5 dxe5 13. Qc2 Ng4 14. h3 Nf6 15. b4
Be6 16. Ba3 Qd7 17. b5 Rfd8 18. Rfd1 Rac8 19. Qa4 a6 20. bxa6 bxa6 21. Rb6 Bh6
22. Rxa6 Bxe3+ 23. Kh2 f4 24. Bxe7 Qxe7 25. Rxc6 Bd7 26. Qa6 Bxc6 27. Bxc6
fxg3+ 28. Nxg3 Bf4 29. Nce2 Nh5 30. Be4 Qc5 31. Rf1 Rd6 32. Qa4 Qe3 33. Bf3
Nxg3 34. Nxg3 Qd2+ 35. Bg2 Rxd3 36. Qa6 Rf8 0-1

[Event "XI C.to Italiano U20"]
[Site "Bratto - Castione della Presolana ITA"]
[Date "2003.08.25"]
[Round "5"]
[White "Bonagura, Stefano"]
[Black "Buono, Valerio"]
[Result "0-1"]
[WhiteElo "1579"]
[BlackElo "1705"]
[PlyCount "64"]
[EventDate "2003.08.21"]

1. d4 d5 2. c4 e6 3. Nc3 Nf6 4. Bg5 Be7 5. Nf3 O-O 6. e3 b6 7. Rc1 a6 8. cxd5
exd5 9. Bd3 Bb7 10. O-O Nbd7 11. Bxf6 Nxf6 12. Ne5 c5 13. f4 Rc8 14. Ne2 Ne4
15. Rf3 f6 16. Ng4 Qd7 17. f5 Ng5 18. Rf1 Rfd8 19. Nf4 cxd4 20. exd4 Bd6 21.
Nh5 Rf8 22. Qb3 b5 23. h4 Qf7 24. Nhxf6+ Kh8 25. hxg5 gxf6 26. g6 Qg7 27. Rf3
Rxc1+ 28. Kf2 Rh1 29. Re3 hxg6 30. fxg6 f5 31. Bxb5 fxg4+ 32. Ke2 axb5 0-1

[Event "XI C.to Italiano U20"]
[Site "Bratto - Castione della Presolana ITA"]
[Date "2003.08.25"]
[Round "5"]
[White "Boscolo, Marco"]
[Black "Ferrante, Marco"]
[Result "1/2-1/2"]
[WhiteElo "1567"]
[BlackElo "1849"]
[PlyCount "103"]
[EventDate "2003.08.21"]

1. e4 e6 2. d4 d5 3. Nc3 dxe4 4. Nxe4 Nd7 5. Nf3 Ngf6 6. Bg5 Be7 7. Bxf6 Nxf6
8. Ng3 O-O 9. Bd3 c5 10. dxc5 Qa5+ 11. Nd2 Qxc5 12. O-O Rd8 13. Qe2 b6 14. Nde4
Qc7 15. Nxf6+ Bxf6 16. Qe4 Bxb2 17. Qxh7+ Kf8 18. Rab1 Bc3 19. Ne4 Bb7 20. Nxc3
Qxc3 21. Rb3 Qd4 22. Re1 Rac8 23. Qh3 Bd5 24. Rbb1 Rc6 25. Ra1 Rcd6 26. a4 a5
27. Qg3 Bc4 28. Bxc4 Qxc4 29. Qb3 Qd4 30. c3 Qd2 31. Qc4 Qd3 32. Qb3 g6 33. h3
Kg8 34. Rab1 Qf5 35. Rf1 Qc5 36. Qb2 Rc6 37. Rfc1 Rd3 38. c4 Rd4 39. Rd1 Rcd6
40. Qc2 Rxd1+ 41. Rxd1 Rxd1+ 42. Qxd1 Qxc4 43. Qd7 Kg7 44. f3 e5 45. Kh1 Qc1+
46. Kh2 Qf4+ 47. Kh1 Kh6 48. Qe8 Kg5 49. Qd8+ f6 50. Qd1 Qd4 51. Qc1+ Qf4 52.
Qd1 1/2-1/2

[Event "XI C.to Italiano U20"]
[Site "Bratto - Castione della Presolana ITA"]
[Date "2003.08.25"]
[Round "5"]
[White "Brunello, Sabino"]
[Black "Bonafede, Alessandro"]
[Result "1/2-1/2"]
[WhiteElo "2234"]
[BlackElo "2098"]
[PlyCount "62"]
[EventDate "2003.08.21"]

1. e4 c5 2. d4 cxd4 3. c3 dxc3 4. Nxc3 Nc6 5. Nf3 e6 6. Bc4 a6 7. O-O Nge7 8.
Bg5 f6 9. Be3 b5 10. Bb3 Ng6 11. Nd4 Nxd4 12. Bxd4 Bd6 13. Be3 Qe7 14. Qh5 Bb7
15. Rad1 O-O 16. Nd5 Bxd5 17. Bxd5 Rab8 18. f4 Nxf4 19. Bxf4 Bxf4 20. Rxf4 Qc5+
21. Rf2 exd5 22. Rxd5 Qc1+ 23. Rd1 Qc6 24. Qg4 Qe6 25. Qxe6+ dxe6 26. Rd6 a5
27. Rxe6 Rfe8 28. Rxe8+ Rxe8 29. Rf5 Re5 30. Rxe5 fxe5 31. Kf2 Kf7 1/2-1/2

[Event "XI C.to Italiano U20"]
[Site "Bratto - Castione della Presolana ITA"]
[Date "2003.08.25"]
[Round "5"]
[White "Buchicchio, Giampaolo"]
[Black "Sautto, Daniele"]
[Result "1-0"]
[WhiteElo "2253"]
[BlackElo "2130"]
[PlyCount "83"]
[EventDate "2003.08.21"]

1. e4 c6 2. Nc3 d5 3. Nf3 Bg4 4. h3 Bxf3 5. Qxf3 e6 6. d3 g6 7. g4 Bg7 8. Bd2
Ne7 9. Be2 h6 10. Qg3 Nd7 11. O-O O-O 12. g5 h5 13. Kh1 Kh7 14. f4 Qb6 15. Nd1
dxe4 16. dxe4 Rad8 17. Qa3 Rde8 18. Bd3 c5 19. Qa4 Qc7 20. Ne3 Rd8 21. Rad1 Nb6
22. Qa5 Rd4 23. b3 Qc6 24. Kh2 Rfd8 25. Bc1 Nbc8 26. Qe1 R4d7 27. Qh4 Nd6 28.
a4 a6 29. e5 Ndf5 30. Qf2 Nxe3 31. Bxe3 b6 32. Qe2 Nd5 33. Qxh5+ Kg8 34. Qf3
Qc7 35. Bd2 Nb4 36. Bxb4 cxb4 37. Rf2 Bf8 38. h4 Bc5 39. Rg2 Kg7 40. Kg3 a5 41.
h5 Rh8 42. hxg6 1-0

[Event "XI C.to Italiano U20"]
[Site "Bratto - Castione della Presolana ITA"]
[Date "2003.08.25"]
[Round "5"]
[White "Buchicchio, Roberto"]
[Black "Gatterer, Matthias"]
[Result "0-1"]
[WhiteElo "1690"]
[BlackElo "1684"]
[PlyCount "106"]
[EventDate "2003.08.21"]

1. e4 e6 2. d4 d5 3. Nd2 c5 4. exd5 Qxd5 5. Ndf3 Nc6 6. Be3 cxd4 7. Nxd4 a6 8.
Nxc6 Qxc6 9. Nf3 Nf6 10. Bd3 Bd6 11. O-O O-O 12. Bg5 Qc7 13. Bxf6 gxf6 14. c3
Bd7 15. h3 Kh8 16. Re1 Rg8 17. Re4 f5 18. Rc4 Bc6 19. a4 Rg7 20. Ne1 Rag8 21.
Bf1 b5 22. axb5 axb5 23. Rd4 Be5 24. Rd2 Qb7 25. f3 Rg3 26. Kh1 Qb6 27. Rd4
Bxd4 28. Qxd4+ Qxd4 29. cxd4 b4 30. Nd3 Bb5 31. Ne5 Bxf1 32. Rxf1 Rf8 33. Kh2
Rg7 34. Nc6 b3 35. Ra1 f6 36. Ra3 Rc8 37. Na5 Rc2 38. h4 Rcxg2+ 39. Kh1 Rxb2
40. Nxb3 Rb1+ 41. Kh2 Rc7 42. Nc5 Rb6 43. h5 Kg8 44. Re3 Kf7 45. f4 Rc8 46. Kh3
Rbc6 47. Ra3 R6c7 48. Re3 Re7 49. Kh4 Rg8 50. Nd3 Rg1 51. Nf2 Rd7 52. Rd3 Rg2
53. Nh3 Rg4# 0-1

[Event "XI C.to Italiano U20"]
[Site "Bratto - Castione della Presolana ITA"]
[Date "2003.08.25"]
[Round "5"]
[White "Buono, Michele"]
[Black "Stirpe, Claudio"]
[Result "1-0"]
[WhiteElo "2129"]
[BlackElo "1668"]
[PlyCount "81"]
[EventDate "2003.08.21"]

1. e4 e5 2. Bc4 Bc5 3. Nc3 Nf6 4. d3 d6 5. Na4 Bb6 6. Nxb6 axb6 7. f4 Nc6 8.
Nf3 Qe7 9. fxe5 Nxe5 10. Nxe5 Qxe5 11. O-O Bg4 12. Qd2 O-O 13. Qg5 Ra5 14. Qxe5
Rxe5 15. b4 Ree8 16. a4 Ra8 17. Bg5 Be6 18. Bxf6 gxf6 19. Rxf6 Bxc4 20. dxc4
Rfe8 21. Rf4 Re7 22. Kf2 c6 23. Kf3 b5 24. cxb5 cxb5 25. a5 b6 26. a6 Raa7 27.
Rf5 Re5 28. Rxe5 dxe5 29. Kg4 f6 30. Kf5 Kf7 31. g4 Ke7 32. h4 Kf7 33. g5 fxg5
34. hxg5 Kg7 35. Kxe5 Kg6 36. Kf4 Kf7 37. Kf5 Ke7 38. Ke5 Kd7 39. Kd5 Kc7 40.
e5 Kd7 41. Ra3 1-0

[Event "XI C.to Italiano U20"]
[Site "Bratto - Castione della Presolana ITA"]
[Date "2003.08.25"]
[Round "5"]
[White "Castellano, Fabio Marco"]
[Black "Bdair, Bilal"]
[Result "1/2-1/2"]
[WhiteElo "1534"]
[BlackElo "1702"]
[PlyCount "43"]
[EventDate "2003.08.21"]

1. e4 c5 2. Nf3 d6 3. d4 cxd4 4. Nxd4 Nf6 5. Nc3 a6 6. Be2 e5 7. Nb3 Be7 8. Be3
Be6 9. Nd5 Bxd5 10. exd5 Nbd7 11. O-O O-O 12. c4 Rc8 13. Kh1 Ne4 14. f3 Nec5
15. Nd2 Nf6 16. b4 Ncd7 17. g4 Re8 18. h4 Kh8 19. Bd3 b5 20. f4 bxc4 21. Bxc4
exf4 22. Bxf4 1/2-1/2

[Event "XI C.to Italiano U20"]
[Site "Bratto - Castione della Presolana ITA"]
[Date "2003.08.25"]
[Round "5"]
[White "Chinello, Gianmarco"]
[Black "Bonarrigo, Marco"]
[Result "1/2-1/2"]
[WhiteElo "1681"]
[BlackElo "1765"]
[PlyCount "179"]
[EventDate "2003.08.21"]

1. e4 c5 2. f4 Nc6 3. Nf3 e6 4. Bb5 Nge7 5. O-O a6 6. Be2 g6 7. d3 Bg7 8. c3
O-O 9. Be3 b6 10. Nbd2 Bb7 11. Qe1 d5 12. Qh4 Rc8 13. Rad1 d4 14. cxd4 cxd4 15.
Bf2 Nb4 16. a3 Nc2 17. Rc1 Ne3 18. Rxc8 Bxc8 19. Rc1 Bb7 20. Bxe3 dxe3 21. Nc4
Qc7 22. Rc2 Nc6 23. Nxe3 Qd7 24. e5 Nd4 25. Nxd4 Qxd4 26. Qf2 Bh6 27. g3 Qd7
28. Ng4 Bg7 29. Rc3 Qd5 30. Kf1 b5 31. d4 Qa2 32. Bd1 Qb1 33. Qc2 Qa1 34. Ne3
h5 35. Qd2 Rd8 36. Ke2 Qb1 37. Rd3 Be4 38. Rc3 Bh1 39. Rd3 Be4 40. Rc3 Bf8 41.
Rc1 Qa2 42. Qc3 Bd5 43. Bc2 a5 44. Qxa5 Bc4+ 45. Kf2 Rxd4 46. Qc3 Rd7 47. Bb1
Qb3 48. Nxc4 Qxc4 49. Qxc4 bxc4 50. Ke2 Rb7 51. Rc2 Bxa3 52. bxa3 Rxb1 53. Rxc4
Rb2+ 54. Kf1 Rxh2 55. Rc8+ Kg7 56. a4 Ra2 57. Ra8 Ra3 58. Kg2 Ra2+ 59. Kh3 Ra3
60. a5 g5 61. fxg5 Kg6 62. a6 Kxg5 63. a7 Kf5 64. Kh4 Ra1 65. Kh3 Kxe5 66. Rh8
Rxa7 67. Rxh5+ Ke4 68. Rh4+ Ke3 69. Kg2 e5 70. Rb4 Ra2+ 71. Kf1 e4 72. Rb3+ Kd2
73. Kf2 f5 74. Re3 Kd1+ 75. Kf1 Rh2 76. g4 Kd2 77. Ra3 Rh4 78. Ra2+ Ke3 79.
Ra3+ Kf4 80. gxf5 Kxf5 81. Ke2 Rh2+ 82. Ke1 Kf4 83. Kf1 Rd2 84. Ke1 e3 85. Ra8
Rd4 86. Ke2 Rd2+ 87. Ke1 Rg2 88. Rf8+ Ke4 89. Re8+ Kf3 90. Rf8+ 1/2-1/2

[Event "XI C.to Italiano U20"]
[Site "Bratto - Castione della Presolana ITA"]
[Date "2003.08.25"]
[Round "5"]
[White "D'Apa, Matteo"]
[Black "Campanella, Giovanni"]
[Result "1-0"]
[WhiteElo "1747"]
[BlackElo "1549"]
[PlyCount "129"]
[EventDate "2003.08.21"]

1. d4 d5 2. c4 e5 3. dxe5 d4 4. Nf3 Nc6 5. g3 Bg4 6. Bg2 Qd7 7. O-O O-O-O 8. a3
Bh3 9. b4 Bxg2 10. Kxg2 f6 11. exf6 gxf6 12. Bf4 h5 13. c5 Bh6 14. b5 Ne5 15.
Nxe5 fxe5 16. Bxh6 Nxh6 17. Nd2 h4 18. c6 Qd5+ 19. Nf3 e4 20. Nxh4 Nf5 21. Nxf5
Qxf5 22. cxb7+ Kb8 23. Rh1 e3 24. Qf1 Rdf8 25. f4 Rhg8 26. Rd1 Qxf4 27. Qxf4
Rxf4 28. Rhf1 Rxf1 29. Rxf1 Kxb7 30. Rf6 Re8 31. Kf1 Re5 32. a4 Rc5 33. Re6
Rf5+ 34. Ke1 Rf2 35. Rh6 Rg2 36. Kd1 Rg1+ 37. Kc2 Ra1 38. Re6 Rxa4 39. h4 Ra3
40. h5 Rc3+ 41. Kd1 Rc5 42. g4 Rxb5 43. h6 Rb1+ 44. Kc2 Rh1 45. g5 a5 46. Re7
Rh2 47. Kd3 a4 48. Kxd4 Rh4+ 49. Re4 Rh5 50. Rg4 c5+ 51. Ke5 a3 52. Kf6 Rh2 53.
Kg7 a2 54. Ra4 Rxe2 55. h7 Rh2 56. Rxa2 Rxa2 57. h8=Q e2 58. Qh1+ Ka6 59. Qc6+
Ka5 60. Qxc5+ Ka4 61. Qc1 Kb3 62. Kf6 Rc2 63. Qe1 Kc4 64. g6 Kd3 65. g7 1-0

[Event "XI C.to Italiano U20"]
[Site "Bratto - Castione della Presolana ITA"]
[Date "2003.08.25"]
[Round "5"]
[White "Ferro, Mario"]
[Black "Damia, Angelo"]
[Result "1-0"]
[WhiteElo "2190"]
[BlackElo "2021"]
[PlyCount "73"]
[EventDate "2003.08.21"]

1. g3 e5 2. Bg2 d5 3. d3 f5 4. c4 Nf6 5. cxd5 Nxd5 6. Qb3 c6 7. Nf3 Bd6 8. Nc3
Qb6 9. Qc4 Qb4 10. Nxe5 Be6 11. a3 Qxc4 12. Nxc4 Kd7 13. Nxd5 Bxd5 14. Bxd5
cxd5 15. Nxd6 Kxd6 16. Bf4+ Ke6 17. Bxb8 Raxb8 18. Rc1 Rbc8 19. Kd2 Kd6 20.
Rxc8 Rxc8 21. Rc1 Rf8 22. h4 g6 23. Rc2 Re8 24. b4 h6 25. Rc1 Kd7 26. e3 Kd6
27. a4 Rf8 28. a5 g5 29. a6 b5 30. Rc5 Rb8 31. hxg5 hxg5 32. Kc3 Rb6 33. Kd4
Rxa6 34. Rxd5+ Ke6 35. g4 fxg4 36. Rxg5 Ra4 37. Kc5 1-0

[Event "XI C.to Italiano U20"]
[Site "Bratto - Castione della Presolana ITA"]
[Date "2003.08.25"]
[Round "5"]
[White "Forato, Enrico"]
[Black "Reduzzi, Maurizio"]
[Result "0-1"]
[WhiteElo "1600"]
[BlackElo "1749"]
[PlyCount "102"]
[EventDate "2003.08.21"]

1. e4 c5 2. Nf3 e6 3. d4 cxd4 4. Nxd4 Nc6 5. Nc3 a6 6. Be3 Qc7 7. Bd3 b5 8. O-O
Bb7 9. f4 Bc5 10. Nf5 Bxe3+ 11. Nxe3 Nge7 12. Kh1 O-O 13. Qg4 f6 14. Rf3 Rac8
15. Rg3 Rf7 16. f5 Ne5 17. Qh3 exf5 18. Nxf5 Nxf5 19. Qxf5 b4 20. Ne2 Qc5 21.
b3 Nxd3 22. cxd3 Qxf5 23. exf5 Rc2 24. Re3 Kf8 25. Rc1 Re7 26. Rxc2 Rxe3 27. d4
Be4 28. Rd2 Bd3 29. Kg1 Rxe2 30. Rxd3 Rxa2 31. d5 d6 32. Rd4 a5 33. Rd3 Ra3 34.
Kf2 a4 35. Ke2 Rxb3 36. Rxb3 axb3 37. Kd1 Kf7 38. Kc1 g6 39. fxg6+ Kxg6 40. Kb2
Kf5 41. Kxb3 Ke5 42. Kxb4 Kxd5 43. Kc3 Ke4 44. Kd2 d5 45. Ke2 d4 46. Kd2 h5 47.
Ke2 f5 48. h4 d3+ 49. Kd2 f4 50. Kd1 Ke3 51. Ke1 d2+ 0-1

[Event "XI C.to Italiano U20"]
[Site "Bratto - Castione della Presolana ITA"]
[Date "2003.08.25"]
[Round "5"]
[White "Kidane, Robel"]
[Black "Cappai, Davide"]
[Result "1/2-1/2"]
[WhiteElo "2045"]
[BlackElo "2105"]
[PlyCount "36"]
[EventDate "2003.08.21"]

1. e4 c5 2. Nf3 Nc6 3. d4 cxd4 4. Nxd4 g6 5. Nc3 Bg7 6. Be3 Nf6 7. Bc4 O-O 8.
Bb3 a5 9. f3 d5 10. Bxd5 Nxd5 11. Nxd5 e6 12. Nxc6 bxc6 13. Nb6 Rb8 14. Qxd8
Rxd8 15. Rb1 Ba6 16. Kf2 Bd4 17. Na4 Bb5 18. Nc3 Bxc3 1/2-1/2

[Event "XI C.to Italiano U20"]
[Site "Bratto - Castione della Presolana ITA"]
[Date "2003.08.25"]
[Round "5"]
[White "Lain, Luigi"]
[Black "Vocaturo, Daniele"]
[Result "0-1"]
[WhiteElo "2261"]
[BlackElo "2156"]
[PlyCount "54"]
[EventDate "2003.08.21"]

1. d4 d5 2. c4 e6 3. Nc3 Be7 4. Nf3 Nf6 5. Bg5 O-O 6. e3 h6 7. Bh4 b6 8. Qc2
Bb7 9. Bd3 Nbd7 10. O-O c5 11. Rfd1 Rc8 12. Qe2 Ne4 13. Bxe7 Qxe7 14. Bxe4 dxe4
15. Nd2 Nf6 16. dxc5 Qxc5 17. b3 Rfd8 18. Nf1 Bc6 19. Ng3 Qe5 20. Qc2 b5 21.
Rxd8+ Rxd8 22. Rd1 Rxd1+ 23. Nxd1 Qa1 24. c5 Nd5 25. Qd2 b4 26. Ne2 Nc3 27. Nc1
Qxc1 0-1

[Event "XI C.to Italiano U20"]
[Site "Bratto - Castione della Presolana ITA"]
[Date "2003.08.25"]
[Round "5"]
[White "Locatelli, Andrea"]
[Black "Bove, Alessandro"]
[Result "1-0"]
[WhiteElo "2011"]
[BlackElo "2129"]
[PlyCount "29"]
[EventDate "2003.08.21"]

1. e4 e5 2. Nf3 f5 3. Nxe5 Qf6 4. Nc4 fxe4 5. Nc3 Qg6 6. d3 Bb4 7. Bd2 exd3 8.
Bxd3 Qe6+ 9. Ne3 b6 10. O-O Ba6 11. Ned5 Qd6 12. Bf4 Qf8 13. Nxc7+ Kd8 14. Bxa6
Qxf4 15. Ne6+ 1-0

[Event "XI C.to Italiano U20"]
[Site "Bratto - Castione della Presolana ITA"]
[Date "2003.08.25"]
[Round "5"]
[White "Longo, Aldo"]
[Black "Hellweger, Stefan"]
[Result "1-0"]
[WhiteElo "1677"]
[BlackElo "1576"]
[PlyCount "135"]
[EventDate "2003.08.21"]

1. e4 d6 2. d4 Nd7 3. Nf3 g6 4. Bc4 e6 5. O-O Bg7 6. Bg5 Ne7 7. Qd2 O-O 8. Nc3
Nb6 9. Bb3 Re8 10. Rad1 Qd7 11. e5 d5 12. Bh6 Nf5 13. Bxg7 Nxg7 14. g4 Qe7 15.
Qh6 f6 16. exf6 Qxf6 17. Ng5 Bd7 18. Qxh7+ Kf8 19. Qh4 Ke7 20. Nf3 Rh8 21.
Qxf6+ Kxf6 22. Ne5 Be8 23. Nb1 Nd7 24. Nxd7+ Bxd7 25. Nd2 Rh3 26. Kg2 Rah8 27.
Rh1 Bb5 28. c4 dxc4 29. Bxc4 Bc6+ 30. f3 Bd5 31. Rde1 c6 32. Ne4+ Bxe4 33. Rxe4
R3h7 34. h3 Rd8 35. f4 Rd6 36. Rhe1 Rh8 37. Kg3 Rhd8 38. Re5 Re8 39. R5e4 Red8
40. Re5 Re8 41. Rd1 Red8 42. Re3 Rxd4 43. Red3 Rxd3+ 44. Rxd3 Rxd3+ 45. Bxd3 g5
46. fxg5+ Kxg5 47. h4+ Kh6 48. Kf4 Ne8 49. Ke5 Nc7 50. Be4 a5 51. Kd6 Nd5 52.
Kxe6 Ne3 53. g5+ Kh5 54. g6 Kh6 55. Bf5 Kg7 56. h5 Nc4 57. b3 Nb6 58. h6+ Kxh6
59. Kf7 Nd5 60. g7 Ne7 61. Kxe7 Kxg7 62. Kd7 Kf6 63. Bd3 a4 64. bxa4 Ke5 65.
Kc7 b5 66. axb5 cxb5 67. Bxb5 Kd5 68. Kb6 1-0

[Event "XI C.to Italiano U20"]
[Site "Bratto - Castione della Presolana ITA"]
[Date "2003.08.25"]
[Round "5"]
[White "Longo, Luigi"]
[Black "Navarro, Tommaso"]
[Result "1-0"]
[WhiteElo "1693"]
[BlackElo "1513"]
[PlyCount "120"]
[EventDate "2003.08.21"]

1. d4 d5 2. Nf3 Nf6 3. c3 e6 4. Bg5 Be7 5. Nbd2 Nbd7 6. e3 O-O 7. Bd3 h6 8. Bh4
c5 9. O-O b6 10. e4 Bb7 11. e5 Ne4 12. Bxe7 Qxe7 13. Re1 Nxd2 14. Qxd2 f5 15.
exf6 Rxf6 16. Ne5 Nxe5 17. Rxe5 Raf8 18. f3 Bc6 19. Rae1 Qd6 20. Qe2 c4 21. Bc2
Bd7 22. h4 Re8 23. h5 Re7 24. Bg6 Be8 25. Bxe8 Rxe8 26. f4 b5 27. f5 Kf7 28. g4
Re7 29. Qc2 Qd7 30. Kg2 Re8 31. b4 Re7 32. R1e3 Ke8 33. Qe2 Kf7 34. Kf3 Re8 35.
Rxe6 Rexe6 36. Rxe6 Qxe6 37. Qxe6+ Rxe6 38. fxe6+ Kxe6 39. Kf4 Kf6 40. g5+ Ke6
41. Kg4 hxg5 42. Kxg5 a5 43. a3 axb4 44. axb4 Kf7 45. Kf5 Ke7 46. Ke5 Kf7 47.
Kxd5 Kf6 48. Kc6 Kf5 49. d5 Ke4 50. d6 Kd3 51. d7 Kxc3 52. Kxb5 Kb3 53. d8=Q c3
54. Qc8 Kb2 55. Ka5 c2 56. b5 c1=Q 57. Qxc1+ Kxc1 58. b6 Kd2 59. b7 Ke3 60.
b8=Q Ke4 1-0

[Event "XI C.to Italiano U20"]
[Site "Bratto - Castione della Presolana ITA"]
[Date "2003.08.25"]
[Round "5"]
[White "Massironi, Marco"]
[Black "Buchicchio, Alessandro"]
[Result "1-0"]
[WhiteElo "2082"]
[BlackElo "1785"]
[PlyCount "51"]
[EventDate "2003.08.21"]

1. e4 d5 2. exd5 Qxd5 3. Nc3 Qa5 4. d4 Nf6 5. Bc4 Bg4 6. f3 Bf5 7. Nge2 e6 8.
Ng3 Bg6 9. Qe2 Bb4 10. Bd2 O-O 11. a3 Nc6 12. Qf2 Rfd8 13. O-O Bxc3 14. Bxc3
Qb6 15. Rad1 Nd5 16. f4 Nxc3 17. bxc3 Qb2 18. f5 exf5 19. Nxf5 Qxa3 20. Nxg7
Rf8 21. Nf5 Qxc3 22. Nh6+ Kg7 23. Qf6+ Kxh6 24. Rd3 Qxd3 25. Bxd3 Nxd4 26. Rf4
1-0

[Event "XI C.to Italiano U20"]
[Site "Bratto - Castione della Presolana ITA"]
[Date "2003.08.25"]
[Round "5"]
[White "Mogranzini, Roberto"]
[Black "Napoli, Nicolo'"]
[Result "0-1"]
[WhiteElo "2172"]
[BlackElo "2039"]
[PlyCount "62"]
[EventDate "2003.08.21"]

1. e4 g6 2. d4 Bg7 3. Nc3 c6 4. Bc4 d6 5. Qf3 e6 6. Nge2 b5 7. Bb3 a5 8. a3 Ba6
9. d5 cxd5 10. exd5 e5 11. Ne4 h6 12. g4 Qc7 13. Bd2 Nd7 14. O-O Ngf6 15. N2g3
Nxe4 16. Nxe4 O-O 17. c3 Bb7 18. Qh3 f5 19. gxf5 gxf5 20. Ng3 Nc5 21. Ba2 f4
22. b4 axb4 23. cxb4 fxg3 24. bxc5 gxf2+ 25. Rxf2 Rxf2 26. Kxf2 Qxc5+ 27. Be3
Qc2+ 28. Kg1 Qg6+ 29. Kf2 Qf7+ 30. Kg1 Bxd5 31. Rf1 Qg6+ 0-1

[Event "XI C.to Italiano U20"]
[Site "Bratto - Castione della Presolana ITA"]
[Date "2003.08.25"]
[Round "5"]
[White "Nardi, Marco"]
[Black "Pagan, Nicolo'"]
[Result "1-0"]
[WhiteElo "1774"]
[BlackElo "1600"]
[PlyCount "37"]
[EventDate "2003.08.21"]

1. e4 c6 2. d4 d5 3. Nc3 dxe4 4. Nxe4 Bf5 5. Ng3 Bg6 6. h4 h6 7. Nh3 e6 8. Bc4
Bd6 9. Nf4 Ne7 10. Qe2 O-O 11. c3 Nf5 12. Nxf5 Bxf5 13. g4 Bxf4 14. Bxf4 Bh7
15. g5 hxg5 16. hxg5 Bf5 17. Qh5 f6 18. g6 Bxg6 19. Bxe6+ 1-0